Irving TX Subdivisions - Statistics

General Stats
  • This quiz has been taken 7 times
  • The average score is 6 of 34
Answer Stats
Population Subdivision % Correct
21,970 Las Colinas
100%
1,739 Valley Ranch
67%
7,208 Arts District
33%
4,544 Barton Estates
33%
~1,700 Cottonwood Valley
33%
4,058 Downtown Area
33%
1,637 Grauwyler Heights
33%
840 Hackberry Creek
33%
2,602 Hospital District
33%
~250 Irving Lake
33%
~200,000 Other (no subdivision)
33%
3,528 Plymouth Park
33%
3,001 University Hills
33%
~100 University Park
33%
~400 Bear Creek
0%
~150 Broadmoor Hills
0%
1,160 Cardinal Family Village
0%
~500 Espanita
0%
~100 Fairway Vista
0%
1,644 Garden Oaks
0%
~700 Hillcrest Oaks
0%
~1,000 Irving Heights
0%
~600 Lakeside Landing
0%
6,947 Lamar Brown
0%
360 Las Brisas Hills
0%
87 MacArthur Commons
0%
~100 Mandalay Place
0%
5,792 Nichols Way
0%
~100 Northgate Heights
0%
~200 Quail Run
0%
2,545 Sherwood Forest
0%
~800 Song
0%
~200 Windsor Ridge
0%
2,446 Woodhaven
0%
No matching quizzes found
Score Distribution
Percent of People with Each Score
Percentile by Number Answered
Your Score History
You have not taken this quiz